000 00684cam a2200205 i 4500
005 20251230115104.0
008 250721s2003 le gr 000 0 ara d
020 _a9953320195
082 1 4 _a218.622
_bب ل ك
100 1 _aبلكا، الياس
_eمؤلف.
245 1 0 _aمقدمة في التنجيم وحكمه في الإسلام /
_cتأليف الدكتور إلياس بلكا.
250 _aالطبعة الأولى.
264 3 1 _aبيروت :
_bمؤسسة الرسالة،
_c2003.
300 _a272صفحة.
650 1 7 _aالبدع.
650 1 7 _aالاسلام.
650 1 7 _aالسحر والتنجيم.
942 _2ddc
_cBK
999 _c116859
_d116859